Catering management (Record no. 16132)

MARC details
000 -LEADER
fixed length control field 00462nam a2200181Ia 4500
008 - FIXED-LENGTH DATA ELEMENTS--GENERAL INFORMATION
fixed length control field 230917s9999||||xx |||||||||||||| ||und||
020 ## - ISBN
Price USD73
040 ## - CATALOGING SOURCE
-- 227176
Original cataloging agency VIVEKANANDA LIBRARY
041 ## - Language
-- English
082 ## - DDC NUMBER
Classification number 642.4 S63C(4)
100 ## - MAIN ENTRY--PERSONAL NAME
Personal name Scanlon, Nancy Loman
245 #0 - TITLE STATEMENT
Title Catering management
250 ## - EDITION STATEMENT
Edition statement 4th ed.
260 ## - PUBLICATION, DISTRIBUTION, ETC. (IMPRINT)
Place of publication, distribution, etc Hoboken
Name of publisher, distributor, etc John Wiley
Date of publication, distribution, etc 2013
300 ## - PHYSICAL DESCRIPTION
Pages x, 262 p.
500 ## - GENERAL NOTE
General note 2125 24/09/2015 PBA15/336 24/09/2015 Main Budget
942 ## - ADDED ENTRY ELEMENTS (KOHA)
Koha item type Books
Holdings
Withdrawn status Lost status Damaged status Not for loan Location (home branch) Sublocation or collection (holding branch) Shelving location Date acquired Koha issues (times borrowed) Koha full call number Accession No. Koha date last seen Koha item type
        VIVEKANANDA LIBRARY VIVEKANANDA LIBRARY IHTM Library 21/01/2016   642.4 S63C(4) 355689 17/09/2023 Books
© Designed and Maintained by Vivekananda Library, MDU Rohtak